| 000 | 00889nam a22003017a 4500 | ||
|---|---|---|---|
| 001 | BR7324142 | ||
| 003 | BR-BrBNA | ||
| 005 | 20230928084342.0 | ||
| 007 | ta | ||
| 008 | 230509b bl.||||| |||| 00| 0 por d | ||
| 040 |
_aBR-BrBNA _bpor _cBiblioteca Nacional de Agricultura |
||
| 041 | _a(Por) | ||
| 072 |
_aE70 _b9410 _b9414 |
||
| 090 | _ 9410 BR7324142 | ||
| 110 | 1 |
_aInstituto de Economia Agricola, Sao Paulo, SP (Brasil) _96029 |
|
| 245 | 1 | _aLeite [Preco; Abastecimento; Importacao; Leite em po; Consumo] | |
| 260 | 3 |
_aSao Paulo, SP (Brasil): _c1971. |
|
| 300 | _a20 p. | ||
| 500 | _a(*) Documento disponível no(a) Instituto de Economia Agricola, Sao Paulo, SP (Brazil) | ||
| 650 | _aLEITE | ||
| 650 | _aPRECO | ||
| 650 | _aABASTECIMENTO | ||
| 650 | _aIMPORTACAO | ||
| 650 | _aCONSUMO | ||
| 650 | _aLEITE EM PO | ||
| 909 |
_a202309 _bLucia _c55 _dLucia Elande |
||
| 942 | _cBK | ||
| 999 |
_c18353 _d18353 |
||